000
00314nam a22001337a 4500
008
180223b xxu||||| |||| 00| 0 eng d
020
_a
9788879514009
041
_a
eng
080
_a
616-053.2 HAY
100
_a
8
101
_a
PED
245
_a
Current pediatric diagnosis& treatment
_c
Hay,W.W
942
_2
udc
_c
BK
999
_c
43247
_d
43247